000 01060 a2200301 4500
003 OSt
005 20180116192335.0
008 120117t xxu||||| |||| 00| 0 eng d
010 _a 39020496
020 _a9650060367
020 _a9789650060367
035 _a(OCoLC)2738043
040 _c0
082 _a720
100 0 _aLe Corbusier,
_9527
245 1 0 _aTowards a new architecture,
_cby Le Corbusier [pseud.] translated from the 13th French ed., with an introduction by Frederick Etchells.
260 _aLondon,
_bJ. Rodker,
_c2008.
300 _axix, 289 p.
_bincl. front., illus., plates, plans.
_c26 x 19 cm.
500 _a"Second to fourth thousand."
600 _aLe Corbusier
_d1887-1965
_9528
650 0 _aArchitecture.
_9529
650 0 _aFunctionalism (Architecture)
_9530
650 0 _aArchitecture, Modern
_9531
700 1 _aEtchells, Frederick,
_d1886-
_9532
942 _aSADA
_cBK
_k720 LEC 2008
_2ddc
999 _c352432
_d352432